000 01808nam0a2200361 i 4500
001 RU\NLR\bibl\2009987
005 20241115071918.0
010 _a9785209046479
_9500
021 _aRU
_b2013-12755
_9910
035 _a(NLR Aleph) 001998558
090 _a4326091
_c4326091
100 _a20130312d2012 k y0rusy50 ca
101 0 _arus
102 _aRU
105 _ay |||||||||
200 1 _aСборник методик по изучению активности личности в современных коммуникационных системах
_fА.В. Иващенко, Н.Б. Карабущенко, Т.С. Пилишвили, Т.В. Чхиквадзе
_gФедер. гос. бюджет. образоват. учреждение высш. проф. образования Рос. ун-т дружбы народов, Филол. фак.
210 _aМосква
_cРоссийский университет дружбы народов
_d2012
215 _a142, [1] с.
_d21
320 _aБиблиогр. в конце кн.
606 1 _aЛичность
_xАктивность
_xПсихологические исследования
_92064137
_3RU\NLR\AUTH\661238584
606 _aЛичность
_xПсиходиагностика
_91531487
_3RU\NLR\AUTH\66666900
686 1 _aЮ937.23
686 1 _aЮ937в6
701 1 _aИващенко
_bА. В.
_gАлександр Васильевич
_4070
701 1 _aКарабущенко
_bН. Б.
_gНаталья Борисовна
_4070
701 1 _aПилишвили
_bТ. С.
_4070
701 1 _aЧхиквадзе
_bТ. В.
_gТинатин Владимировна
_4070
801 0 _aRU
_bNLR
_c20130312
_gRCR
801 1 _aRU
_bNLR
_c20130312
942 _cBOOK
980 _aNBR